000 00776cam a2200229 4500
001 B525
008 090401t1986 xxu||||| |||| 00| 0 eng d
035 _a(Sirsi) u36343
041 _aeng
050 _a690.24
110 _aBuilding Maintenance Cost Information Service
_91702
245 _aMaintenance cost trends (wall chart) 1986
260 _aKingston-upon-Thames
_bBuilding Maintenance Cost Information Se
_c1986
300 _a1 wall chart : col. ; 60x42cm.
350 _a3
520 _aThis item is part of a subscription service and cannot be photocopied. Please contact BMI direct on 0171-222-7000 for details.
650 _aBUILT ENVIRONMENT-BUILDING COSTS
650 _aRefurbishment
_96264
650 _aWALL CHARTS
942 _n0
948 _c04/03/1997
999 _c90254
_d90254